<?xml version="1.0" encoding="UTF-8"?>
<collection xmlns="http://www.loc.gov/MARC21/slim">
 <record>
  <leader>00792nam a22002417a 4500</leader>
  <controlfield tag="001">AAL5838</controlfield>
  <controlfield tag="003">BD-DhAAL</controlfield>
  <controlfield tag="005">20160113185131.0</controlfield>
  <controlfield tag="008">160113s    2002ii a|||| |||| 001 0 eng d</controlfield>
  <datafield tag="020" ind1=" " ind2=" ">
   <subfield code="a">817224486X</subfield>
  </datafield>
  <datafield tag="040" ind1=" " ind2=" ">
   <subfield code="a">BD-DhAAL</subfield>
   <subfield code="c">BD-DhAAL</subfield>
  </datafield>
  <datafield tag="082" ind1=" " ind2=" ">
   <subfield code="a">658</subfield>
  </datafield>
  <datafield tag="245" ind1=" " ind2=" ">
   <subfield code="a">Encyclopaedia of management Vol. 4 :</subfield>
   <subfield code="b">project management /</subfield>
   <subfield code="c">Dennis Lock</subfield>
  </datafield>
  <datafield tag="260" ind1=" " ind2=" ">
   <subfield code="a">Mumbai :</subfield>
   <subfield code="b">Jaico Publishing Horse, </subfield>
   <subfield code="c">2002.</subfield>
  </datafield>
  <datafield tag="300" ind1=" " ind2=" ">
   <subfield code="a">xxiv, 647 p. :</subfield>
   <subfield code="b">ill. ;</subfield>
   <subfield code="c">24 cm. </subfield>
  </datafield>
  <datafield tag="500" ind1=" " ind2=" ">
   <subfield code="a">Includes index. </subfield>
  </datafield>
  <datafield tag="541" ind1=" " ind2=" ">
   <subfield code="e">5838</subfield>
  </datafield>
  <datafield tag="650" ind1=" " ind2=" ">
   <subfield code="a">Management</subfield>
   <subfield code="9">17359</subfield>
  </datafield>
  <datafield tag="650" ind1=" " ind2=" ">
   <subfield code="a">project management</subfield>
   <subfield code="9">17360</subfield>
  </datafield>
  <datafield tag="700" ind1=" " ind2=" ">
   <subfield code="a"> Lock,  Dennis</subfield>
   <subfield code="9">17361</subfield>
  </datafield>
  <datafield tag="942" ind1=" " ind2=" ">
   <subfield code="2">ddc</subfield>
   <subfield code="c">BK</subfield>
  </datafield>
  <datafield tag="999" ind1=" " ind2=" ">
   <subfield code="c">36607</subfield>
   <subfield code="d">36607</subfield>
  </datafield>
  <datafield tag="952" ind1=" " ind2=" ">
   <subfield code="0">0</subfield>
   <subfield code="1">0</subfield>
   <subfield code="2">ddc</subfield>
   <subfield code="4">0</subfield>
   <subfield code="6">658_000000000000000_ENC</subfield>
   <subfield code="7">0</subfield>
   <subfield code="9">57596</subfield>
   <subfield code="a">SCL</subfield>
   <subfield code="b">SCL</subfield>
   <subfield code="c">GEN</subfield>
   <subfield code="d">2016-01-13</subfield>
   <subfield code="l">0</subfield>
   <subfield code="o">658 ENC</subfield>
   <subfield code="p">3020005838</subfield>
   <subfield code="r">2016-01-13</subfield>
   <subfield code="t">1</subfield>
   <subfield code="w">2016-01-13</subfield>
   <subfield code="y">BK</subfield>
  </datafield>
 </record>
</collection>
